Engineering economy / (Record no. 170453)

MARC details
000 -LEADER
fixed length control field 00642nam a2200205 4500
005 - DATE AND TIME OF LATEST TRANSACTION
control field 20191216143823.0
010 ## - LCCN (DPL NO)
LC control number ENG-127142
020 ## - INTERNATIONAL STANDARD BOOK NUMBER
International Standard Book Number 9789353167264
Terms of availability 850.00
035 ## - SYSTEM CONTROL NUMBER
System control number EN-110674
037 ## - SOURCE OF ACQUISITION
Source of stock number/acquisition DBAD/PUB
082 ## - DEWEY DECIMAL CLASSIFICATION NUMBER
Classification number 658.15
100 ## - MAIN ENTRY--PERSONAL NAME
Personal name Blank, leland
245 ## - TITLE STATEMENT
Title Engineering economy /
Statement of responsibility, etc by Leland Blank [and] Anthony Tarquin
250 ## - EDITION STATEMENT
Edition statement 8th ed.
260 ## - PUBLICATION, DISTRIBUTION, ETC. (IMPRINT)
Place of publication, distribution, etc Noida
Name of publisher, distributor, etc Pearson India Education
Date of publication, distribution, etc 2019
270 ## - ADDRESS
Address 15th Floor, Tower-b, World Trade Tower, Plot No.-1, Block -C, Sector 16
City Noida
Postal code 201301
300 ## - PHYSICAL DESCRIPTION
Extent xiv;559p .
Dimensions 25cm(pbk)
700 ## - ADDED ENTRY--PERSONAL NAME
Personal name Tarquin, Antony
942 ## - ADDED ENTRY ELEMENTS (KOHA)
Source of classification or shelving scheme Dewey Decimal Classification
Item type English Books
Classification part 658.15
Call number suffix DAS
Holdings
Withdrawn status Lost status Not for loan Collection code Home library Current library Date acquired Source of acquisition Cost, normal purchase price Full call number Barcode Copy number Cost, replacement price Koha item type
      Non-fiction D.B.Act.Division Mobile Library 16/12/2019 DBAD/PUB 850.00 658.15 DAS EN-110674 1 850.00 English Books

© Delhi Public Library
Hit Counter
free hit counter